| 000 | 00957nam a22002057a 4500 | ||
|---|---|---|---|
| 003 | BDDh-ASL | ||
| 005 | 20231015031236.0 | ||
| 008 | 201025s2004 bg ||||| |||| 00| 0 b d | ||
| 040 |
_aBDDh-ASL _cBDDh-ASL |
||
| 041 | _abengali | ||
| 082 |
_a920.71 _bAHI |
||
| 100 | 1 |
_aআহমদ, এ. বি. এম. শামসুদ্দীন _cঅধ্যাপক ড. _95382 |
|
| 245 | 1 | 0 | _aইখতিয়ার উদ্দীন মুহাম্মদ বখতিয়ার খলজী / |
| 246 | _aIkhtiar Uddin Muhammad Bakhtiar Khalji | ||
| 260 |
_aঢাকা: _bইসলামিক ফাউন্ডেশন বাংলাদেশ, _c২০০৪ |
||
| 300 |
_a২৮ পৃ. : _c২২ সে. মি. |
||
| 600 | 1 | 0 |
_aখলজী, ইখতিয়ার মুহাম্মদ বখতিয়ার _97601 |
| 650 | 0 |
_91697 _aজীবনী _xহযরত আবজর গিফারী (রা. ) |
|
| 942 |
_2ddc _cBK |
||
| 999 |
_c31187 _d31187 |
||